Τα Βαλκάνια στην προϊστορία = The Balkans in prehistory
Αποθηκεύτηκε σε:
| Συγγραφή απο Οργανισμό/Αρχή: | |
|---|---|
| Μορφή: | Βιβλίο |
| Γλώσσα: | Greek |
| Δημοσίευση: |
Αθήνα :
ΕΙΕ,
2001.
|
| Σειρά: | Επιστήμης κοινωνία (Εθνικό Ίδρυμα Ερευνών)
|
| Θέματα: | |
| Ετικέτες: |
Προσθήκη ετικέτας
Δεν υπάρχουν, Καταχωρήστε ετικέτα πρώτοι!
|
MARC
| LEADER | 00000cam a2200000 i 4500 | ||
|---|---|---|---|
| 001 | 1/31440 | ||
| 008 | 060623s2001####gr | | ||| |||| ||gre|| | ||
| 020 | |a 9607998081 | ||
| 035 | |l 10084408 | ||
| 040 | |a GR-MY-UA |b gre |e aacr | ||
| 041 | 0 | |a gre | |
| 082 | 7 | |a 939.8 |2 (22) | |
| 245 | 0 | 3 | |a Τα Βαλκάνια στην προϊστορία = |b The Balkans in prehistory / |c Εθνικό Ίδρυμα Ερευνών. |
| 246 | 1 | |i Παράλληλος τίτλος: |a The Balkans in prehistory | |
| 260 | |a Αθήνα : |b ΕΙΕ, |c 2001. | ||
| 300 | |a 165 σ. : |b έγχρ. εικ., χάρτ. ; |c 24 εκ. | ||
| 490 | 1 | |a (Επιστήμης κοινωνία. Ειδικές μορφωτικές εκδηλώσεις / Εθνικό Ίδρυμα Ερευνών) | |
| 500 | |a Με τη συμβολή της ΓΓΕΤ (πρόγραμμα ΕΠΕΤ ΙΙ) και της ΓΔXVI της ΕΕ. | ||
| 500 | |a Κύκλος ομιλιών ...σε συνεργασία με το Ινστιτούτο Ελληνικής και Ρωμαϊκής Αρχαιότητος του ΕΙΕ. | ||
| 504 | |a Περιέχει βιβλιογραφία. | ||
| 650 | 0 | 0 | |a Antiquities, Prehistoric |z Balkan Peninsula. |
| 650 | 0 | 0 | |a Excavations (Archaeology) |z Balkan Peninsula. |
| 651 | 0 | |a Balkan Peninsula |x Antiquities. | |
| 710 | 2 | |a Εθνικό Ίδρυμα Ερευνών. | |
| 830 | 0 | |a Επιστήμης κοινωνία (Εθνικό Ίδρυμα Ερευνών) | |
| 852 | |a INST |b LESVOS |e 20060623 |h 939.8 ΒΑΛ |p 005100036157 |q 005100036157 |t BK |y 0 | ||
| 852 | |a INST |b LESVOS |e 20100330 |h 939.8 ΒΑΛ |p 005100046997 |q 005100046997 |t BK |y 0 | ||
| 901 | |a BIBL1-2006-2 | ||
| 901 | |a BIBL1-2010-1 | ||
| 909 | |a Λ |b 128657 | ||
| 909 | |a Λ |b 163082 | ||
| 970 | |a ΚΑΡΑ |b ΓΙΑΣΕΜΗ |z 2006/06/23 | ||